[Event "EU-ch 23rd"]
[Site "Vrnjacka Banja"]
[Date "2023.03.05"]
[Round "3"]
[White "Omorjan, Dejan"]
[Black "Samadov, Read"]
[Result "0-1"]
[WhiteElo "2286"]
[BlackElo "2471"]
[PlyCount "56"]
[EventDate "2023.03.03"]
[EventType "swiss"]
[EventRounds "11"]
[EventCountry "SRB"]
[SourceTitle "CBM 213"]
[Source "ChessBase"]
[SourceDate "2023.04.30"]
[SourceVersion "1"]
[SourceVersionDate "2023.04.30"]
[SourceQuality "1"]

1. d4 Nf6 2. Nf3 d5 3. Bf4 c5 4. e3 Nc6 5. Nbd2 cxd4 6. exd4 Bf5 7. c3 e6 8. Qb3 Bd6 9. Qxb7 Bxf4 10. Qxc6+ Kf8 11. g3 Bd6 12. Nh4 Rb8 13. Nxf5 exf5 14. Rb1 Rb6 15. Qa4 Qe7+ 16. Be2 h5 17. Kd1 h4 18. Rf1 hxg3 19. hxg3 Rh2 20. Nf3 Ne4 21. Nxh2 Rxb2 22. Qc6 Rxb1+ 23. Kc2 Rb8 24. Bb5 Qd8 25. Qa6 Qc7 26. c4 Rb6 27. Qa4 a6 28. Bxa6 Rb4 0-1

[Event "SRB-ch sf"]
[Site "Novi Banovci"]
[Date "2023.02.08"]
[Round "4"]
[White "Eric, Jovana"]
[Black "Omorjan, Dejan"]
[Result "1/2-1/2"]
[WhiteElo "2228"]
[BlackElo "2326"]
[PlyCount "98"]
[EventDate "2023.02.06"]
[EventType "swiss"]
[EventRounds "9"]
[EventCountry "SRB"]
[SourceTitle "CBM 212 Extra"]
[Source "ChessBase"]
[SourceDate "2023.03.31"]
[SourceVersion "1"]
[SourceVersionDate "2023.03.31"]
[SourceQuality "1"]

1. e4 e5 2. Nf3 Nc6 3. Bc4 Nf6 4. d3 h6 5. a4 d6 6. Nc3 g6 7. 0-0 Bg7 8. h3 0-0 9. Nd5 Nxd5 10. Bxd5 Kh7 11. a5 Ne7 12. Bb3 c5 13. Re1 Rb8 14. Bd2 Bd7 15. c3 Nc6 16. Ba4 f5 17. b4 f4 18. b5 Ne7 19. d4 b6 20. dxe5 dxe5 21. c4 Qc7 22. Bc3 Be6 23. Qe2 g5 24. Bb3 Ng6 25. Ra2 Nh8 26. axb6 axb6 27. Rea1 Rb7 28. Ra8 Rfb8 29. Nd2 Nf7 30. Nb1 Rxa8 31. Rxa8 Ra7 32. Rxa7 Qxa7 33. Qd3 h5 34. Bb2 g4 35. hxg4 hxg4 36. Nc3 Qe7 37. Na4 Qc7 38. Nc3 Qd6 39. Nd5 Bxd5 40. exd5+ Qg6 41. Bc2 Qxd3 42. Bxd3+ Kh6 43. f3 Kg5 44. Ba3 Nd6 45. Kf2 Kh4 46. Bc1 Bf6 47. Bd2 Bg7 48. Bc1 Bf6 49. Bd2 Bg7 1/2-1/2

[Event "SRB-ch sf"]
[Site "Novi Banovci"]
[Date "2023.02.06"]
[Round "1"]
[White "Omorjan, Dejan"]
[Black "Stanojevic, Ilija"]
[Result "0-1"]
[WhiteElo "2326"]
[BlackElo "2091"]
[PlyCount "106"]
[EventDate "2023.02.06"]
[EventType "swiss"]
[EventRounds "9"]
[EventCountry "SRB"]
[SourceTitle "CBM 212 Extra"]
[Source "ChessBase"]
[SourceDate "2023.03.31"]
[SourceVersion "1"]
[SourceVersionDate "2023.03.31"]
[SourceQuality "1"]

1. d4 Nf6 2. c4 e6 3. Nc3 d5 4. cxd5 exd5 5. Bg5 c6 6. e3 Be7 7. Bd3 Nbd7 8. Qc2 Nf8 9. Nf3 Ne6 10. h4 h6 11. Bxf6 Bxf6 12. 0-0-0 Bd7 13. Kb1 Qa5 14. Rc1 0-0-0 15. Nd2 Kb8 16. h5 Rc8 17. Nb3 Qb4 18. f4 b6 19. g4 Rhe8 20. Qg2 a5 21. Bc2 Qd6 22. Rcd1 Bd8 23. Nd2 b5 24. Nf3 f6 25. Bg6 Rf8 26. Nh4 Nc7 27. Rhf1 a4 28. a3 Be6 29. Nf5 Qd7 30. Na2 Ne8 31. Nb4 Ka7 32. Nd3 Bb6 33. Nc5 Bxc5 34. dxc5 Rd8 35. e4 Nc7 36. Rd4 Bxf5 37. Bxf5 Qe7 38. Qc2 Ne6 39. Bxe6 Qxe6 40. f5 Qe5 41. Rfd1 Rf7 42. Qd2 Ka6 43. Qd3 Kb7 44. Qd2 Rfd7 45. b3 axb3 46. a4 Ra8 47. axb5 cxb5 48. Qb4 Kc6 49. Qc3 Ra4 50. Kb2 Rxd4 51. Qxd4 Qxe4 52. Qxe4 dxe4 53. Re1 Re7 0-1

[Event "SRB-chT 2nd League"]
[Site "Vrnjacka Banja"]
[Date "2022.11.10"]
[Round "10.5"]
[White "Konyves, Almos"]
[Black "Omorjan, Dejan"]
[Result "0-1"]
[WhiteElo "2232"]
[BlackElo "2277"]
[PlyCount "76"]
[EventDate "2022.11.04"]
[EventType "team-tourn"]
[EventRounds "11"]
[EventCountry "SRB"]
[SourceTitle "CBM 211 Extra"]
[Source "ChessBase"]
[SourceDate "2023.01.31"]
[SourceVersion "1"]
[SourceVersionDate "2023.01.31"]
[SourceQuality "1"]
[WhiteTeam "Pacir Backa"]
[BlackTeam "Novi Sad Vojvodina"]
[WhiteTeamCountry "SRB"]
[BlackTeamCountry "SRB"]

1. d4 d6 2. Nf3 Nf6 3. c4 g6 4. Nc3 Bg7 5. e4 0-0 6. Be2 e5 7. Be3 Na6 8. d5 Ng4 9. Bg5 f6 10. Bh4 g5 11. Bg3 f5 12. exf5 Bxf5 13. 0-0 b6 14. Bd3 Bxd3 15. Qxd3 Nc5 16. Qc2 Qf6 17. b4 Na6 18. Qa4 Nb8 19. Ne4 Qg6 20. Nfxg5 a5 21. Rae1 Na6 22. Ne6 Nxb4 23. Nxf8 Rxf8 24. Qb3 Nh6 25. c5 Nf5 26. cxd6 cxd6 27. Nc3 Nd4 28. Qc4 Qg4 29. Re4 Qf5 30. Rxd4 exd4 31. Nb5 Qxd5 32. Qxd5+ Nxd5 33. Nxd6 Nc3 34. f3 d3 35. Be1 Nxa2 36. Bd2 Nc3 37. Re1 a4 38. Re7 Nb1 0-1

[Event "SRB-chT 2nd League"]
[Site "Vrnjacka Banja"]
[Date "2022.11.07"]
[Round "5.5"]
[White "Omorjan, Dejan"]
[Black "Strbac, Mladen"]
[Result "1-0"]
[WhiteElo "2277"]
[BlackElo "2290"]
[PlyCount "113"]
[EventDate "2022.11.04"]
[EventType "team-tourn"]
[EventRounds "11"]
[EventCountry "SRB"]
[SourceTitle "CBM 211 Extra"]
[Source "ChessBase"]
[SourceDate "2023.01.31"]
[SourceVersion "1"]
[SourceVersionDate "2023.01.31"]
[SourceQuality "1"]
[WhiteTeam "Novi Sad Vojvodina"]
[BlackTeam "Krajisnik Krajina"]
[WhiteTeamCountry "SRB"]
[BlackTeamCountry "SRB"]

1. d4 e6 2. c4 Nf6 3. Nf3 c5 4. d5 d6 5. Nc3 exd5 6. cxd5 g6 7. Nd2 Bg7 8. e4 0-0 9. Be2 Na6 10. 0-0 Re8 11. f3 Nc7 12. a4 b6 13. Nc4 Ba6 14. Rb1 Bxc4 15. Bxc4 Nd7 16. Nb5 Ne5 17. Nxc7 Qxc7 18. Bb5 Rf8 19. f4 Nd7 20. Be3 a6 21. Bc6 Rad8 22. b4 f5 23. bxc5 bxc5 24. Rb7 Qc8 25. e5 Nb8 26. exd6 Rf7 27. Qb3 c4 28. Qb6 Rxb7 29. Bxb7 Qd7 30. Bc5 Bf8 31. Bc6 Qc8 32. Bb7 Qd7 33. Bc6 Qc8 34. Rc1 Nd7 35. Bxd7 Rxd7 36. Qc6 Qd8 37. Qxa6 Bxd6 38. Bxd6 Rxd6 39. Qxc4 Kg7 40. Qc7+ Qd7 41. Qxd7+ Rxd7 42. Rd1 Kf7 43. Kf2 Ra7 44. d6 Ke8 45. d7+ Kd8 46. Rd4 Rb7 47. h4 Rb2+ 48. Kg3 Rb3+ 49. Kh2 Ra3 50. g3 Ra2+ 51. Kh3 Ra1 52. h5 Rh1+ 53. Kg2 Ra1 54. hxg6 hxg6 55. Kh2 Rb1 56. Rd6 g5 57. fxg5 1-0

[Event "SRB-chT 2nd League"]
[Site "Vrnjacka Banja"]
[Date "2022.11.04"]
[Round "1.6"]
[White "Pajcin, Lav"]
[Black "Omorjan, Dejan"]
[Result "0-1"]
[WhiteElo "2134"]
[BlackElo "2277"]
[PlyCount "116"]
[EventDate "2022.11.04"]
[EventType "team-tourn"]
[EventRounds "11"]
[EventCountry "SRB"]
[SourceTitle "CBM 211 Extra"]
[Source "ChessBase"]
[SourceDate "2023.01.31"]
[SourceVersion "1"]
[SourceVersionDate "2023.01.31"]
[SourceQuality "1"]
[WhiteTeam "Gajdobra Hercegovac"]
[BlackTeam "Novi Sad Vojvodina"]
[WhiteTeamCountry "SRB"]
[BlackTeamCountry "SRB"]

1. e4 d6 2. d4 Nf6 3. Nc3 e5 4. Nf3 Nbd7 5. Rg1 g6 6. g4 exd4 7. Nxd4 Bg7 8. Be3 0-0 9. g5 Ne8 10. Qd2 Ne5 11. Be2 c5 12. Nb3 Be6 13. f4 Nc4 14. Bxc4 Bxc4 15. f5 Be5 16. 0-0-0 b6 17. Bf4 Qe7 18. f6 Qe6 19. Nd5 Bxd5 20. exd5 Qf5 21. Bxe5 dxe5 22. Qe3 e4 23. d6 Rd8 24. d7 Nc7 25. Nd2 Rxd7 26. Nxe4 Rxd1+ 27. Rxd1 Re8 28. Qg3 Rxe4 29. Qxc7 Qxg5+ 30. Kb1 Qxf6 31. Qxa7 Qe6 32. a3 h5 33. Qb8+ Kg7 34. Qg3 h4 35. Qc3+ Qe5 36. Qb3 Qe6 37. Qc3+ Qf6 38. Qh3 Rf4 39. Qe3 Rf3 40. Qe8 Rf1 41. Rxf1 Qxf1+ 42. Ka2 Qc4+ 43. Kb1 Qf1+ 44. Ka2 Qf4 45. Qe2 g5 46. Qg2 g4 47. Qd5 g3 48. h3 Qf6 49. c4 Qg6 50. Qe5+ Kh7 51. Qe3 g2 52. Qg1 Qe4 53. Qf2 Kg7 54. b3 Qg6 55. Qg1 Qc2+ 56. Ka1 Qc3+ 57. Ka2 Qd2+ 58. Kb1 Qd3+ 0-1

[Event "SRB-chT Premier"]
[Site "Vrnjacka Banja"]
[Date "2022.09.24"]
[Round "5.2"]
[White "Perunovic, Miodrag"]
[Black "Omorjan, Dejan"]
[Result "1-0"]
[WhiteElo "2413"]
[BlackElo "2265"]
[PlyCount "67"]
[EventDate "2022.09.20"]
[EventType "team-tourn"]
[EventRounds "11"]
[EventCountry "SRB"]
[SourceTitle "CBM 210 Extra"]
[Source "ChessBase"]
[SourceDate "2022.11.30"]
[SourceVersion "1"]
[SourceVersionDate "2022.11.30"]
[SourceQuality "1"]
[WhiteTeam "Pozega"]
[BlackTeam "Novi Sad SK"]
[WhiteTeamCountry "SRB"]
[BlackTeamCountry "SRB"]

1. e4 c6 2. d4 d5 3. e5 Bf5 4. h4 h5 5. Bd3 Bxd3 6. Qxd3 Qa5+ 7. b4 Qxb4+ 8. Nd2 e6 9. Rb1 Qe7 10. Ne2 Nh6 11. Nf3 b5 12. 0-0 Nf5 13. Bg5 Qa3 14. Rb3 Qxa2 15. Ng3 g6 16. Bf6 Rh6 17. Bg5 Rh8 18. Bf6 Rh6 19. Bg5 Rh7 20. Rfb1 Qa6 21. Nd2 Nd7 22. Nxf5 gxf5 23. Nf1 Qc8 24. Ng3 Bh6 25. Qd2 Bxg5 26. Qxg5 Qd8 27. Qg8+ Nf8 28. Rc3 Kd7 29. Nxh5 Qxh4 30. Rh3 Qxd4 31. Nf6+ Ke7 32. Rxh7 Nxh7 33. Qxa8 Nxf6 34. exf6+ 1-0

[Event "SRB-chT Premier"]
[Site "Vrnjacka Banja"]
[Date "2022.09.23"]
[Round "4.5"]
[White "Omorjan, Dejan"]
[Black "Rajkovic, Mladen"]
[Result "1-0"]
[WhiteElo "2265"]
[BlackElo "2335"]
[PlyCount "71"]
[EventDate "2022.09.20"]
[EventType "team-tourn"]
[EventRounds "11"]
[EventCountry "SRB"]
[SourceTitle "CBM 210 Extra"]
[Source "ChessBase"]
[SourceDate "2022.11.30"]
[SourceVersion "1"]
[SourceVersionDate "2022.11.30"]
[SourceQuality "1"]
[WhiteTeam "Novi Sad SK"]
[BlackTeam "Lucani Mladost"]
[WhiteTeamCountry "SRB"]
[BlackTeamCountry "SRB"]

1. Nf3 Nf6 2. c4 g6 3. Nc3 d5 4. cxd5 Nxd5 5. h4 Nxc3 6. bxc3 Bg7 7. h5 c5 8. Qa4+ Qd7 9. Qc4 b6 10. Ng5 e6 11. Qh4 Qe7 12. hxg6 hxg6 13. Qxh8+ Bxh8 14. Rxh8+ Kd7 15. d4 Nc6 16. Rh7 Nd8 17. e4 Kc7 18. a3 Kb7 19. e5 Bd7 20. Ne4 Kc7 21. Bg5 Qf8 22. Bh6 Qe7 23. Bg5 Qf8 24. Bf6 Nb7 25. Ng5 Qc8 26. Rxf7 cxd4 27. cxd4 Kb8 28. Ne4 Qc2 29. Rxd7 Qxe4+ 30. Kd2 Na5 31. Bb5 a6 32. Rh1 Nb7 33. Be2 Kc8 34. Rhh7 Ra7 35. Bf3 Qf4+ 36. Kd1 1-0